| 000 | 00644nam a22002057a 4500 | ||
|---|---|---|---|
| 005 | 20230920165830.0 | ||
| 010 | _aENG-137271 | ||
| 020 |
_a9879390427284 _c999.00 |
||
| 035 | _aEN-120803 | ||
| 037 | _bDBAD/PUB | ||
| 082 | _a610.73 | ||
| 100 |
_aChinchpure, Supriya Baban _957183 |
||
| 245 |
_aA Text Book of Nursing/ _cBy Supriya Baban Chinchpure _b |
||
| 260 |
_aAndhra Pradesh _c2023 _bVijayam Publications |
||
| 270 |
_a14-7-13, Sambhamurty Road, Hanumanpet, _bVijayawada _e520003 |
||
| 300 |
_a20, Variable Pages _c28cm(pbk) |
||
| 600 |
_d _957184 |
||
| 700 |
_aS.Anuradha _957185 |
||
| 942 |
_2ddc _cEN _mCHI _h610.73 |
||
| 999 |
_c196492 _d196492 |
||